000 00725nam a2200229 i 4500
001 BINCO
003 CO-MdBIC
005 20221104174420.0
008 221104b2004 xxka|||| |||| 00| 0 spa d
020 _a8423667782
040 _aCO-MdBIC
_bspa.
_cCO-MdBIC
_dCO-MdBIC
041 _aspa
082 _222
_a863
_bL864
100 _aLópez Domínguez Xan
_d(1957-
245 _aEl mago gato está enamorado
_cLópez Domínguez Xan
264 _aEspaña:
_c©2004.
300 _a34 Páginas:
_bIlustraciones a color;
_c22cm.
490 _aMis cuentos favoritos
505 _aEl mago Gato es poderoso, poderosísimo. Pero todo su poder no le sirve para ganarse el amor de la bruja Merenda.
650 _xAmor
942 _cLGB
999 _c68333
_d68333